000 00569cam a22002411 4500
001 sa 68000095
003 DLC
005 20260227112420.0
008 890614s1967 ii 000 0 hino
010 _asa 68000095
035 _a(OCoLC)19871110
040 _aDLC
_cWaU
_dDLC
042 _apremarc
043 _aa-ii---
050 0 0 _aDS428
_b.P3
100 1 _aPaṭela, Nityānanda.
245 1 0 _aPūrva aura paścima.
260 _c[1967]
300 _a192 p.
_c23 cm.
500 _aIn Hindi.
651 0 _aIndia
_xCivilization.
650 0 _aEast and West.
999 _c76940
_d76940